[Event "Oberliga Nord W 1213"]
[Site "Germany"]
[Date "2013.04.14"]
[Round "9.2"]
[White "Hauschild, Andreas"]
[Black "Kodentsov, Grigori"]
[Result "1-0"]
[WhiteElo "2284"]
[BlackElo "2281"]
[PlyCount "209"]
[EventDate "2012.10.14"]
[EventType "team-tourn"]
[EventRounds "9"]
[EventCountry "GER"]
[SourceTitle "EXT 2014"]
[Source "ChessBase"]
[SourceDate "2013.11.20"]
[SourceVersion "1"]
[SourceVersionDate "2013.11.20"]
[SourceQuality "1"]
[WhiteTeam "Stade"]
[BlackTeam "Esens"]
[WhiteTeamCountry "GER"]
[BlackTeamCountry "GER"]

1. d4 Nf6 2. c4 g6 3. Nc3 Bg7 4. e4 d6 5. Be2 0-0 6. Bg5 a6 7. Nf3 Bg4 8. 0-0 Nfd7 9. Qd2 Nc6 10. d5 Bxf3 11. Bxf3 Nd4 12. Be2 c5 13. Rfe1 Qe8 14. Be3 Rb8 15. Rab1 f5 16. exf5 gxf5 17. Bd3 Qh5 18. Bxd4 Bxd4 19. Ne2 Ne5 20. Nxd4 cxd4 21. Be2 Qf7 22. f4 Ng6 23. Qxd4 Qg7 24. Qxg7+ Kxg7 25. g3 Rg8 26. Bd3 Rbf8 27. Rbc1 b6 28. Rc3 Rf6 29. Kf2 a5 30. Rb3 Rb8 31. Rb5 Kf7 32. Be2 Ke8 33. Rb3 Kd8 34. Re3 Nf8 35. Bd1 Rf7 36. Ba4 Nd7 37. Bxd7 Kxd7 38. Rb3 Kc7 39. Kf3 Rg8 40. Re6 Rgf8 41. Ke3 Ra8 42. Kd4 Rb8 43. Rbe3 Kd7 44. Rh6 Rc8 45. Rh5 Rb8 46. b3 Rg8 47. Re6 Kc7 48. Reh6 Rh8 49. Ke3 Kd7 50. h3 Kc7 51. Kf3 Kd7 52. g4 fxg4+ 53. hxg4 Rg7 54. f5 Rf7 55. Kf4 Kc7 56. Rh2 Kd7 57. Re2 Rg8 58. Ree6 Rfg7 59. Rh4 Rf7 60. Reh6 Rh8 61. Ke4 Rg8 62. R6h5 Rh8 63. g5 Rhf8 64. Rf4 Kd8 65. Rh6 Kd7 66. Re6 Kc7 67. f6 Re8 68. fxe7 Rexe7 69. Rff6 Rg7 70. Kf5 Rd7 71. a3 Rd8 72. b4 axb4 73. axb4 Rgd7 74. Re4 Kb7 75. Rfe6 Rf7+ 76. Kg4 Rdd7 77. Re8 Rg7 78. Kh5 Rgf7 79. Re3 Rf4 80. R3e7 Kc7 81. Rxd7+ Kxd7 82. Rh8 Rxc4 83. Rxh7+ Ke8 84. g6 Kf8 85. Rd7 Rxb4 86. Rxd6 Rd4 87. Kh6 Rh4+ 88. Kg5 Rd4 89. Kf6 Rf4+ 90. Ke5 Rb4 91. Rd7 b5 92. Rb7 Rb1 93. g7+ Kg8 94. d6 Re1+ 95. Kd5 Re8 96. d7 Rd8 97. Kd6 Kf7 98. Rxb5 Ra8 99. Kc7 Ke7 100. Re5+ Kf6 101. Re8 Ra7+ 102. Kc6 Kxg7 103. d8Q Ra6+ 104. Kb5 Rg6 105. Qe7+ 1-0

[Event "Oberliga Nord W 1213"]
[Site "Germany"]
[Date "2013.03.17"]
[Round "8.2"]
[White "Hoffmann, Lukas"]
[Black "Hauschild, Andreas"]
[Result "1-0"]
[WhiteElo "2173"]
[BlackElo "2284"]
[PlyCount "51"]
[EventDate "2012.10.14"]
[EventType "team-tourn"]
[EventRounds "9"]
[EventCountry "GER"]
[SourceTitle "EXT 2014"]
[Source "ChessBase"]
[SourceDate "2013.11.20"]
[SourceVersion "1"]
[SourceVersionDate "2013.11.20"]
[SourceQuality "1"]
[WhiteTeam "Lister Turm"]
[BlackTeam "Stade"]
[WhiteTeamCountry "GER"]
[BlackTeamCountry "GER"]

1. Nf3 Nf6 2. c4 d6 3. d4 Nbd7 4. g3 e5 5. Nc3 Be7 6. Bg2 0-0 7. 0-0 c6 8. Qc2 Re8 9. Rd1 Qc7 10. b3 Bf8 11. e3 Rb8 12. Bb2 b5 13. cxb5 cxb5 14. Rac1 Qb6 15. dxe5 dxe5 16. Nd5 Nxd5 17. Rxd5 f6 18. Nh4 Qe6 19. Qd1 Nb6 20. Rxb5 Ba6 21. Rxb6 Qxb6 22. Bd5+ Re6 23. Rc6 Qxc6 24. Bxc6 Rd6 25. Bd5+ Kh8 26. Ba3 1-0

[Event "Oberliga Nord W 1213"]
[Site "Germany"]
[Date "2013.02.03"]
[Round "6.2"]
[White "Hundack, Rolf"]
[Black "Hauschild, Andreas"]
[Result "1/2-1/2"]
[WhiteElo "2196"]
[BlackElo "2284"]
[PlyCount "74"]
[EventDate "2012.10.14"]
[EventType "team-tourn"]
[EventRounds "9"]
[EventCountry "GER"]
[SourceTitle "EXT 2014"]
[Source "ChessBase"]
[SourceDate "2013.11.20"]
[SourceVersion "1"]
[SourceVersionDate "2013.11.20"]
[SourceQuality "1"]
[WhiteTeam "Bremer SG"]
[BlackTeam "Stade"]
[WhiteTeamCountry "GER"]
[BlackTeamCountry "GER"]

1. d4 d5 2. c4 e6 3. Nf3 c5 4. e3 Nf6 5. b3 Nc6 6. Be2 cxd4 7. exd4 Bb4+ 8. Bd2 Bxd2+ 9. Nbxd2 dxc4 10. Nxc4 0-0 11. 0-0 b6 12. Qd2 Bb7 13. Rad1 Qe7 14. Bd3 Nb4 15. Bb1 Bxf3 16. gxf3 Nh5 17. Kh1 Nd5 18. Rg1 Qf6 19. Ne5 Rfd8 20. Rg5 Nhf4 21. Rdg1 g6 22. R5g4 Kg7 23. Be4 Rac8 24. R4g3 h5 25. Rg5 Rc7 26. Qe1 Rdc8 27. Bxd5 Nxd5 28. Qe4 Rc1 29. f4 Nxf4 30. R5g3 Rxg1+ 31. Rxg1 Nh3 32. Rxg6+ fxg6 33. Qb7+ Kh6 34. Nf7+ Kg7 35. Ng5+ Kh6 36. Nf7+ Kg7 37. Ng5+ Kh6 1/2-1/2

[Event "Oberliga Nord W 1112"]
[Site "Germany"]
[Date "2011.12.11"]
[Round "4.2"]
[White "Hauschild, Andreas"]
[Black "Schulz, Jens"]
[Result "1/2-1/2"]
[WhiteElo "2266"]
[BlackElo "2218"]
[PlyCount "167"]
[EventDate "2011.10.02"]
[EventType "team-tourn"]
[EventRounds "9"]
[EventCountry "GER"]
[SourceTitle "EXT 2013"]
[Source "ChessBase"]
[SourceDate "2012.11.22"]
[SourceVersion "1"]
[SourceVersionDate "2012.11.22"]
[SourceQuality "1"]
[WhiteTeam "Stade"]
[BlackTeam "Nordhorn Blanke"]
[WhiteTeamCountry "GER"]
[BlackTeamCountry "GER"]

1. d4 d5 2. c4 c6 3. Nc3 e6 4. Nf3 Nf6 5. Bg5 h6 6. Bxf6 Qxf6 7. e3 Nd7 8. Bd3 g6 9. 0-0 dxc4 10. Bxc4 Bg7 11. Qe2 0-0 12. Rfd1 e5 13. d5 Nb6 14. Bb3 Bg4 15. h3 Bxf3 16. Qxf3 Qxf3 17. gxf3 Rfd8 18. dxc6 bxc6 19. Ne4 Bf8 20. Rac1 Rxd1+ 21. Rxd1 Kg7 22. Nd6 Bxd6 23. Rxd6 Rc8 24. Bc2 Rc7 25. Be4 Nc4 26. Rxc6 Rxc6 27. Bxc6 Nxb2 28. Kf1 Nd3 29. a3 Kf6 30. Ke2 Nc5 31. Kd2 Ke6 32. Kc3 f6 33. Kc4 Kd6 34. Be8 g5 35. Bg6 Ne6 36. Bf7 Nc7 37. a4 Na6 38. Kb5 Nc7+ 39. Kc4 Na6 40. Bg6 Nc7 41. Bc2 Na6 42. Bd1 Nc7 43. Kd3 Nd5 44. Bb3 h5 45. Kc4 h4 46. Bc2 Nc7 47. Be4 Ne6 48. Bf5 Nc7 49. Bc8 Kc6 50. a5 Kd6 51. f4 Ne6 52. fxg5 fxg5 53. Bb7 Nc5 54. Bf3 Ne6 55. Bg4 Nc7 56. Kd3 Kd5 57. Bf3+ Ke6 58. Ke4 Kf6 59. Bg4 Na6 60. Kd5 Nb4+ 61. Kc4 Nc2 62. Kc3 Na3 63. Be2 e4 64. Kd4 Kf5 65. Bg4+ Kf6 66. Kxe4 Nc4 67. a6 Ne5 68. Bc8 Nc6 69. f4 Ne7 70. fxg5+ Kxg5 71. Bd7 Ng6 72. Kd5 Kf6 73. Kd6 Ne5 74. Bb5 Nf3 75. e4 Ne5 76. Be2 Nf7+ 77. Kd5 Ne5 78. Kd4 Nf7 79. Bh5 Ne5 80. Be8 Nf3+ 81. Ke3 Ng5 82. Kf4 Nxh3+ 83. Kg4 Nf2+ 84. Kxh4 1/2-1/2

[Event "Oberliga Nord W 1112"]
[Site "Germany"]
[Date "2011.11.20"]
[Round "3.2"]
[White "Mueer, Sebastian"]
[Black "Hauschild, Andreas"]
[Result "1/2-1/2"]
[WhiteElo "2230"]
[BlackElo "2266"]
[PlyCount "85"]
[EventDate "2011.10.02"]
[EventType "team-tourn"]
[EventRounds "9"]
[EventCountry "GER"]
[SourceTitle "EXT 2013"]
[Source "ChessBase"]
[SourceDate "2012.11.22"]
[SourceVersion "1"]
[SourceVersionDate "2012.11.22"]
[SourceQuality "1"]
[WhiteTeam "Oldenburg Union"]
[BlackTeam "Stade"]
[WhiteTeamCountry "GER"]
[BlackTeamCountry "GER"]

1. e4 c5 2. Nc3 Nc6 3. Bb5 g6 4. Bxc6 dxc6 5. d3 Bg7 6. Be3 b6 7. Qd2 Nf6 8. Bh6 Bxh6 9. Qxh6 Ng4 10. Qd2 Qd6 11. h3 Ne5 12. 0-0-0 f6 13. Nge2 Be6 14. f4 Nf7 15. Qe3 Qc7 16. d4 cxd4 17. Nxd4 Bd7 18. e5 fxe5 19. Rhe1 c5 20. Qe4 0-0 21. Ndb5 Qc6 22. Qxc6 Bxc6 23. Nc7 Rad8 24. N3d5 Bxd5 25. Nxd5 e6 26. Ne7+ Kg7 27. Nc6 Rxd1+ 28. Kxd1 Nd8 29. Nxa7 exf4 30. Nc8 b5 31. Nd6 b4 32. Re5 f3 33. gxf3 Rxf3 34. Rxc5 Rf4 35. c3 bxc3 36. bxc3 Rf3 37. Ke2 Rxh3 38. Rc8 Kf6 39. Rxd8 Ke7 40. Nb7 Rxc3 41. Rd2 Ra3 42. Nd6 h5 43. Nc4 1/2-1/2

[Event "Oberliga Nord W 1112"]
[Site "Germany"]
[Date "2011.10.02"]
[Round "1.2"]
[White "Renner, Kai"]
[Black "Hauschild, Andreas"]
[Result "1/2-1/2"]
[WhiteElo "2187"]
[BlackElo "2266"]
[PlyCount "51"]
[EventDate "2011.10.02"]
[EventType "team-tourn"]
[EventRounds "9"]
[EventCountry "GER"]
[SourceTitle "EXT 2013"]
[Source "ChessBase"]
[SourceDate "2012.11.22"]
[SourceVersion "1"]
[SourceVersionDate "2012.11.22"]
[SourceQuality "1"]
[WhiteTeam "Hameln"]
[BlackTeam "Stade"]
[WhiteTeamCountry "GER"]
[BlackTeamCountry "GER"]

1. e4 c5 2. Nf3 Nc6 3. d4 cxd4 4. Nxd4 Nf6 5. Nc3 e5 6. Ndb5 d6 7. Bg5 a6 8. Na3 b5 9. Nd5 Be7 10. Bxf6 Bxf6 11. c3 0-0 12. Nc2 Rb8 13. Be2 a5 14. b4 Bg5 15. a4 bxa4 16. b5 Ne7 17. Nce3 Nxd5 18. Nxd5 Qd7 19. Qxa4 Bd8 20. 0-0 Bb7 21. Ne3 Ra8 22. Rfd1 Qc8 23. Nf5 Qc5 24. Qc4 Qxc4 25. Bxc4 Bxe4 26. Nxd6 1/2-1/2

[Event "Oberliga Nord W 0708"]
[Site "Germany"]
[Date "2008.04.20"]
[Round "9.2"]
[White "Hummel, Dirk"]
[Black "Hauschild, Andreas"]
[Result "1/2-1/2"]
[WhiteElo "2266"]
[BlackElo "2278"]
[PlyCount "60"]
[EventDate "2007.10.21"]
[EventType "team-tourn"]
[EventRounds "9"]
[EventCountry "GER"]
[SourceTitle "EXT 2009"]
[Source "ChessBase"]
[SourceDate "2008.11.26"]
[SourceVersion "1"]
[SourceVersionDate "2008.11.26"]
[SourceQuality "1"]
[WhiteTeam "Melle III"]
[BlackTeam "Uelzen Post"]
[WhiteTeamCountry "GER"]
[BlackTeamCountry "GER"]

1. d4 Nf6 2. c4 d6 3. Nf3 Nbd7 4. Nc3 e5 5. Bg5 Be7 6. e3 Ng8 7. Bxe7 Nxe7 8. Qc2 exd4 9. Nxd4 Nc5 10. Be2 0-0 11. 0-0 Nc6 12. Nxc6 bxc6 13. b4 Nd7 14. Qa4 Bb7 15. Qa5 Re8 16. Rfd1 c5 17. a3 Re5 18. Nd5 cxb4 19. axb4 Nb6 20. Qa2 Nxd5 21. cxd5 c6 22. Bf3 cxd5 23. Bxd5 Bxd5 24. Rxd5 Rxd5 25. Qxd5 Rc8 26. h3 Qb6 27. b5 Rb8 28. Ra6 Qxb5 29. Qxb5 Rxb5 30. Rxa7 Kf8 1/2-1/2

[Event "Oberliga Nord W 0708"]
[Site "Germany"]
[Date "2007.11.25"]
[Round "3.2"]
[White "Baeumler, Ilja"]
[Black "Hauschild, Andreas"]
[Result "1/2-1/2"]
[WhiteElo "2236"]
[BlackElo "2278"]
[PlyCount "91"]
[EventDate "2007.10.21"]
[EventType "team-tourn"]
[EventRounds "9"]
[EventCountry "GER"]
[SourceTitle "EXT 2009"]
[Source "ChessBase"]
[SourceDate "2008.11.26"]
[SourceVersion "1"]
[SourceVersionDate "2008.11.26"]
[SourceQuality "1"]
[WhiteTeam "Nordhorn Blanke"]
[BlackTeam "Uelzen Post"]
[WhiteTeamCountry "GER"]
[BlackTeamCountry "GER"]

1. e4 c5 2. c3 d6 3. d4 Qc7 4. Nf3 Nf6 5. e5 dxe5 6. dxe5 Ng4 7. Bf4 Nc6 8. Bb5 f6 9. Qe2 a6 10. Bxc6+ Qxc6 11. h3 fxe5 12. Bxe5 Nxe5 13. Qxe5 Be6 14. Nbd2 0-0-0 15. 0-0 Rd5 16. Qe3 Bf5 17. Ne5 Qc7 18. Ndf3 e6 19. g4 Bc2 20. Nc4 Kb8 21. Qxe6 Rd8 22. Rfc1 Ba4 23. Qe5 Bd6 24. Nxd6 Rxd6 25. b4 Bc6 26. bxc5 Rd3 27. Qxc7+ Kxc7 28. Ne5 Rxh3 29. Nxc6 Kxc6 30. Rab1 Rb8 31. Rb6+ Kxc5 32. Rcb1 Rh6 33. Rxb7 Rxb7 34. Rxb7 Rg6 35. Rb4 h5 36. f3 hxg4 37. fxg4 Rd6 38. Kf2 Rd2+ 39. Ke3 Rxa2 40. Rb7 Kc4 41. Rc7+ Kb3 42. Kd3 a5 43. Rxg7 Rg2 44. c4 Rg3+ 45. Kd4 a4 46. c5 1/2-1/2

[Event "Latschach op 23rd"]
[Site "Latschach"]
[Date "2007.08.15"]
[Round "6"]
[White "Hauschild, Andreas"]
[Black "Scherer, Frank"]
[Result "1/2-1/2"]
[WhiteElo "2244"]
[BlackElo "2177"]
[PlyCount "33"]
[EventDate "2007.08.11"]
[EventType "swiss"]
[EventRounds "9"]
[EventCountry "AUT"]
[SourceTitle "CBM 120 Extra"]
[Source "ChessBase"]
[SourceDate "2007.11.01"]
[SourceVersion "1"]
[SourceVersionDate "2007.11.01"]
[SourceQuality "1"]

1. d4 Nf6 2. c4 g6 3. Nc3 Bg7 4. e4 d6 5. Be2 0-0 6. Bg5 Na6 7. h4 e5 8. d5 c6 9. h5 cxd5 10. cxd5 Nc5 11. b4 Ncd7 12. g4 a5 13. bxa5 Qxa5 14. Bd2 Nc5 15. g5 Ne8 16. Kf1 Qd8 17. Nf3 1/2-1/2

[Event "Latschach op 23rd"]
[Site "Latschach"]
[Date "2007.08.13"]
[Round "4"]
[White "Hauschild, Andreas"]
[Black "Sikula, Vaszilij"]
[Result "0-1"]
[WhiteElo "2244"]
[BlackElo "2554"]
[PlyCount "66"]
[EventDate "2007.08.11"]
[EventType "swiss"]
[EventRounds "9"]
[EventCountry "AUT"]
[SourceTitle "CBM 120 Extra"]
[Source "ChessBase"]
[SourceDate "2007.11.01"]
[SourceVersion "1"]
[SourceVersionDate "2007.11.01"]
[SourceQuality "1"]

1. d4 f5 2. Nc3 d5 3. Bg5 Nf6 4. Bxf6 exf6 5. e3 Be6 6. Qf3 Qd7 7. Bd3 Nc6 8. a3 0-0-0 9. h3 g5 10. Nge2 h5 11. g3 h4 12. 0-0-0 Be7 13. Qg2 Rh6 14. Na4 b6 15. Kb1 Na5 16. Nac3 Nb7 17. Rc1 Kb8 18. Na2 Nd6 19. Rhd1 hxg3 20. fxg3 Rdh8 21. c4 Ne4 22. h4 gxh4 23. Nf4 hxg3 24. cxd5 Bxd5 25. Nxd5 Qxd5 26. Qc2 Rc8 27. Ba6 Rh2 28. Qa4 Rch8 29. Bc4 Qa5 30. Qd7 Bd6 31. Nb4 Bxb4 32. Bg8 Rxb2+ 33. Kxb2 Bxa3+ 0-1

[Event "Latschach op 23rd"]
[Site "Latschach"]
[Date "2007.08.12"]
[Round "3"]
[White "Neff, Gregor"]
[Black "Hauschild, Andreas"]
[Result "0-1"]
[WhiteElo "2136"]
[BlackElo "2244"]
[PlyCount "98"]
[EventDate "2007.08.11"]
[EventType "swiss"]
[EventRounds "9"]
[EventCountry "AUT"]
[SourceTitle "CBM 120 Extra"]
[Source "ChessBase"]
[SourceDate "2007.11.01"]
[SourceVersion "1"]
[SourceVersionDate "2007.11.01"]
[SourceQuality "1"]

1. e4 c5 2. Nc3 Nc6 3. f4 g6 4. Nf3 Bg7 5. Bb5 Nd4 6. 0-0 Nxb5 7. Nxb5 d5 8. exd5 a6 9. Nc3 Nf6 10. d4 Nxd5 11. dxc5 Nxc3 12. Qxd8+ Kxd8 13. bxc3 Be6 14. Nd4 Bc4 15. Re1 Rc8 16. Ba3 e6 17. Bb4 Ke8 18. Nb3 Rd8 19. Rad1 Bf6 20. Na5 Bd5 21. c4 Bc6 22. Nxc6 bxc6 23. Rd6 Rxd6 24. cxd6 Kd7 25. c5 Rb8 26. a3 a5 27. Bxa5 Bd4+ 28. Kf1 Bxc5 29. Rd1 Rb2 30. Rd2 Bxa3 31. Bc3 Bb4 32. Bxb4 Rxb4 33. g3 Rc4 34. Ke2 Rc5 35. c4 Rxc4 36. Ra2 Kxd6 37. Ra7 Rc2+ 38. Kf3 Rc3+ 39. Kf2 Rc2+ 40. Kf3 Rc3+ 41. Kf2 c5 42. Rxf7 Rc2+ 43. Kg1 c4 44. Rxh7 c3 45. Rh8 Rb2 46. Rc8 c2 47. h3 Rb1+ 48. Kg2 c1Q 49. Rxc1 Rxc1 0-1

[Event "BL2-Nord 0607"]
[Site "Germany"]
[Date "2007.04.22"]
[Round "9.4"]
[White "Junge, Kai"]
[Black "Hauschild, Andreas"]
[Result "0-1"]
[WhiteElo "2245"]
[BlackElo "2240"]
[PlyCount "74"]
[EventDate "2006.10.15"]
[EventType "team-tourn"]
[EventRounds "9"]
[EventCountry "GER"]
[SourceTitle "EXT 2008"]
[Source "ChessBase"]
[SourceDate "2007.11.25"]
[SourceVersion "1"]
[SourceVersionDate "2007.11.25"]
[SourceQuality "1"]
[WhiteTeam "Preetz"]
[BlackTeam "Uelzen Post"]
[WhiteTeamCountry "GER"]
[BlackTeamCountry "GER"]

1. Nf3 d6 2. d4 Nf6 3. g3 Nbd7 4. Bg2 e5 5. 0-0 Be7 6. c4 0-0 7. Nc3 c6 8. e4 Re8 9. h3 a6 10. a4 Bf8 11. Qc2 b6 12. Be3 Bb7 13. d5 Qc7 14. Rac1 Rec8 15. Qb1 Qd8 16. dxc6 Bxc6 17. Rfd1 Qe8 18. b3 Nc5 19. Nh4 g6 20. Bg5 Be7 21. Re1 Nfxe4 22. Nxe4 Bxe4 23. Bxe4 Bxg5 24. Bxa8 Bxc1 25. Bd5 Bh6 26. Nxg6 hxg6 27. Qxg6+ Bg7 28. Qf5 Rc7 29. h4 Qe7 30. Re3 Ne6 31. f4 Qf6 32. Qg4 exf4 33. Rf3 Re7 34. h5 Nd4 35. Rf1 f3 36. Bxf3 Nxf3+ 37. Rxf3 Qd4+ 0-1

[Event "BL2-Nord 0607"]
[Site "Germany"]
[Date "2007.03.18"]
[Round "7.4"]
[White "Michna, Marta"]
[Black "Hauschild, Andreas"]
[Result "1-0"]
[WhiteElo "2350"]
[BlackElo "2240"]
[PlyCount "71"]
[EventDate "2006.10.15"]
[EventType "team-tourn"]
[EventRounds "9"]
[EventCountry "GER"]
[SourceTitle "EXT 2008"]
[Source "ChessBase"]
[SourceDate "2007.11.25"]
[SourceVersion "1"]
[SourceVersionDate "2007.11.25"]
[SourceQuality "1"]
[WhiteTeam "Norderstedt"]
[BlackTeam "Uelzen Post"]
[WhiteTeamCountry "GER"]
[BlackTeamCountry "GER"]

1. d4 Nf6 2. Nf3 d6 3. c4 Nbd7 4. Nc3 e5 5. e4 Be7 6. Be2 c6 7. 0-0 Qc7 8. Qc2 0-0 9. Rd1 a6 10. a3 b5 11. Bg5 bxc4 12. dxe5 dxe5 13. Na4 Nb6 14. Nxb6 Qxb6 15. Nxe5 Qc5 16. Bf4 Bd6 17. Rxd6 Qxd6 18. Ng6 Qe6 19. Nxf8 Kxf8 20. f3 Nd7 21. Bxc4 Qf6 22. Qd2 Nb6 23. Qb4+ c5 24. Qxc5+ Kg8 25. Be5 Qg6 26. Rd1 Bh3 27. Bf1 Nd7 28. Qc7 Nf8 29. Rd8 Rxd8 30. Qxd8 Bd7 31. Qb8 Bc6 32. Bd6 Be8 33. Qc7 Ba4 34. Bb4 Be8 35. Qc8 h6 36. b3 1-0

[Event "Dresden ZMD op"]
[Site "Dresden"]
[Date "2006.08.08"]
[Round "4"]
[White "Graf, Alexander"]
[Black "Hauschild, Andreas"]
[Result "1-0"]
[WhiteElo "2583"]
[BlackElo "2252"]
[PlyCount "57"]
[EventDate "2006.08.05"]
[EventType "swiss"]
[EventRounds "9"]
[EventCountry "GER"]
[SourceTitle "CBM 113 Extra"]
[Source "ChessBase"]
[SourceDate "2006.09.14"]
[SourceVersion "1"]
[SourceVersionDate "2006.09.14"]
[SourceQuality "1"]

1. d4 Nf6 2. c4 c5 3. d5 e5 4. Nc3 d6 5. e4 Be7 6. g3 0-0 7. Bg2 Ne8 8. Nge2 f5 9. 0-0 g6 10. f4 Bf6 11. exf5 Bxf5 12. h3 Na6 13. g4 Bd7 14. Ne4 Bg7 15. fxe5 Bxe5 16. Bg5 Rxf1+ 17. Qxf1 Qc7 18. Qf3 Ba4 19. N4c3 Bc2 20. Rc1 Nb4 21. a3 Nd3 22. Rxc2 Ne1 23. Qe4 Nxc2 24. Qxc2 Qf7 25. Ne4 Nc7 26. Bd2 b5 27. Bc3 Re8 28. Bxe5 Rxe5 29. Nxd6 1-0

[Event "Dresden ZMD op"]
[Site "Dresden"]
[Date "2006.08.07"]
[Round "3"]
[White "Hattendorf, Jens"]
[Black "Hauschild, Andreas"]
[Result "0-1"]
[WhiteElo "2041"]
[BlackElo "2252"]
[PlyCount "42"]
[EventDate "2006.08.05"]
[EventType "swiss"]
[EventRounds "9"]
[EventCountry "GER"]
[SourceTitle "CBM 113 Extra"]
[Source "ChessBase"]
[SourceDate "2006.09.14"]
[SourceVersion "1"]
[SourceVersionDate "2006.09.14"]
[SourceQuality "1"]

1. e4 c5 2. Nc3 Nc6 3. g3 g6 4. Bg2 Bg7 5. d3 Rb8 6. Be3 b5 7. Qd2 b4 8. Nd1 d6 9. f4 Nd4 10. c3 bxc3 11. bxc3 Ne6 12. Nf3 Nf6 13. Nf2 Qa5 14. d4 Ba6 15. e5 Nd5 16. Ne4 Nxe3 17. Qxe3 cxd4 18. Nxd4 Nxd4 19. Qxd4 0-0 20. Nf6+ exf6 21. exf6 Rfe8+ 0-1

[Event "Oberliga Nord O 0405"]
[Site "Germany"]
[Date "2005.03.13"]
[Round "8.6"]
[White "Rohde, Wolfgang"]
[Black "Hauschild, Andreas"]
[Result "1-0"]
[WhiteElo "2201"]
[BlackElo "2266"]
[PlyCount "81"]
[EventDate "2004.10.24"]
[EventType "team-tourn"]
[EventRounds "9"]
[EventCountry "GER"]
[SourceTitle "EXT 2006"]
[Source "ChessBase"]
[SourceDate "2005.11.24"]
[SourceVersion "1"]
[SourceVersionDate "2005.11.24"]
[SourceQuality "1"]
[WhiteTeam "Friesen Lichtenberg"]
[BlackTeam "Cottbus"]
[WhiteTeamCountry "GER"]
[BlackTeamCountry "GER"]

1. Nf3 Nf6 2. c4 d6 3. d4 Nbd7 4. Nc3 e5 5. e4 Be7 6. Be2 c6 7. 0-0 0-0 8. Qc2 a6 9. Rd1 Qc7 10. Rb1 b5 11. b4 Bb7 12. Bg5 Rfe8 13. a4 Rac8 14. h3 h6 15. Bh4 Nh5 16. Bxe7 Rxe7 17. dxe5 dxe5 18. Nh4 Nhf6 19. Nf5 Re6 20. c5 Rd8 21. Rd3 Nf8 22. Rxd8 Qxd8 23. Rd1 Qc7 24. axb5 axb5 25. Nd6 Ne8 26. Bg4 Re7 27. Qd2 Ne6 28. Nf5 Nf6 29. Nxe7+ Qxe7 30. Bxe6 Qxe6 31. Qa2 Bc8 32. Qxe6 Bxe6 33. Rd8+ Kh7 34. Rd6 Bd7 35. f3 Kg8 36. Nd1 Kf8 37. Ne3 Be8 38. Nf5 Ng8 39. Rd8 g6 40. Nd6 Nf6 41. Rc8 1-0

[Event "Oberliga Nord O 0405"]
[Site "Germany"]
[Date "2005.02.13"]
[Round "7.6"]
[White "Hauschild, Andreas"]
[Black "Horn, Sven"]
[Result "1-0"]
[WhiteElo "2266"]
[BlackElo "2092"]
[PlyCount "73"]
[EventDate "2004.10.24"]
[EventType "team-tourn"]
[EventRounds "9"]
[EventCountry "GER"]
[SourceTitle "EXT 2006"]
[Source "ChessBase"]
[SourceDate "2005.11.24"]
[SourceVersion "1"]
[SourceVersionDate "2005.11.24"]
[SourceQuality "1"]
[WhiteTeam "Cottbus"]
[BlackTeam "Lasker Steglitz"]
[WhiteTeamCountry "GER"]
[BlackTeamCountry "GER"]

1. d4 Nf6 2. c4 g6 3. Nc3 Bg7 4. e4 d6 5. Be2 0-0 6. Bg5 c6 7. Qd2 Qa5 8. Nf3 Nbd7 9. 0-0 Re8 10. Rab1 Qc7 11. b4 a6 12. h3 b5 13. Rfc1 bxc4 14. Bxc4 Bb7 15. Qe2 e5 16. dxe5 dxe5 17. Be3 h6 18. Nd2 Nf8 19. Na4 Ne6 20. Bxe6 Rxe6 21. Nc5 Ree8 22. Qc4 Bc8 23. Ndb3 Nh5 24. Na5 Nf4 25. Qf1 Bf8 26. Na4 Bxb4 27. Nxc6 Ba3 28. Rc3 Bf8 29. Nb6 Bb7 30. Nxa8 Bxa8 31. Qxa6 Re6 32. Bxf4 Bxc6 33. Rbc1 Bxe4 34. Qxe6 Qxc3 35. Qxe5 Qxe5 36. Bxe5 Be7 37. Rc8+ 1-0

[Event "Oberliga Nord O 0405"]
[Site "Germany"]
[Date "2004.12.12"]
[Round "4.6"]
[White "Schulz, Stefanie"]
[Black "Hauschild, Andreas"]
[Result "0-1"]
[WhiteElo "2069"]
[BlackElo "2266"]
[PlyCount "130"]
[EventDate "2004.10.24"]
[EventType "team-tourn"]
[EventRounds "9"]
[EventCountry "GER"]
[SourceTitle "EXT 2006"]
[Source "ChessBase"]
[SourceDate "2005.11.24"]
[SourceVersion "1"]
[SourceVersionDate "2005.11.24"]
[SourceQuality "1"]
[WhiteTeam "Koenig Tegel II"]
[BlackTeam "Cottbus"]
[WhiteTeamCountry "GER"]
[BlackTeamCountry "GER"]

1. e4 c5 2. d3 Nc6 3. g3 g6 4. Bg2 Bg7 5. f4 d6 6. Nf3 e6 7. 0-0 Nge7 8. c3 Rb8 9. Be3 b5 10. d4 cxd4 11. Nxd4 Nxd4 12. Bxd4 Bxd4+ 13. Qxd4 Qb6 14. Qxb6 Rxb6 15. Na3 Bb7 16. Rfd1 Nc8 17. Rd2 Ke7 18. Rad1 Bc6 19. e5 Bxg2 20. Kxg2 d5 21. Nc2 Rb7 22. Kf2 Nb6 23. Ne3 h5 24. h4 Rc8 25. a3 Na4 26. Ng2 a5 27. Ne1 Nc5 28. Rd4 Nb3 29. R4d3 Nc5 30. Rd4 Nb3 31. R4d3 Rc4 32. Nc2 Nc5 33. Rd4 Na4 34. Rb1 Kd7 35. Rd2 Nc5 36. Rd4 Ne4+ 37. Kg2 Rxd4 38. Nxd4 b4 39. cxb4 axb4 40. a4 Rc7 41. Rd1 Rc4 42. a5 Kc8 43. a6 Kb8 44. b3 Rc5 45. Ra1 Nc3 46. a7+ Ka8 47. Ra6 Rc7 48. Nc6 Nb5 49. Rb6 Rb7 50. Rxb7 Kxb7 51. Kf3 Nxa7 52. Nxb4 Kb6 53. g4 Kc5 54. gxh5 gxh5 55. Nc2 Nc6 56. Ke3 Ne7 57. Nd4 Kb4 58. f5 Nxf5+ 59. Nxf5 exf5 60. Kf4 d4 61. Kxf5 d3 62. Kf6 d2 63. Kxf7 d1Q 64. e6 Qf3+ 65. Ke8 Kc5 0-1

[Event "Oberliga Nord O 0405"]
[Site "Germany"]
[Date "2004.10.24"]
[Round "1.6"]
[White "Hauschild, Andreas"]
[Black "Kimpinsky, Frank"]
[Result "0-1"]
[WhiteElo "2266"]
[BlackElo "2210"]
[PlyCount "122"]
[EventDate "2004.10.24"]
[EventType "team-tourn"]
[EventRounds "9"]
[EventCountry "GER"]
[SourceTitle "EXT 2006"]
[Source "ChessBase"]
[SourceDate "2005.11.24"]
[SourceVersion "1"]
[SourceVersionDate "2005.11.24"]
[SourceQuality "1"]
[WhiteTeam "Cottbus"]
[BlackTeam "Berlin Empor"]
[WhiteTeamCountry "GER"]
[BlackTeamCountry "GER"]

1. d4 Nf6 2. c4 g6 3. Nc3 Bg7 4. e4 d6 5. Be2 0-0 6. Bg5 c5 7. d5 e6 8. Qd2 exd5 9. exd5 Re8 10. Nf3 Bg4 11. 0-0 Nbd7 12. h3 Bxf3 13. Bxf3 h5 14. Rae1 Qb6 15. b3 Nh7 16. Be3 f5 17. Bd1 Ne5 18. Bc2 Qd8 19. Ne2 Qd7 20. Kh1 b5 21. cxb5 Qxb5 22. Nf4 Nf8 23. Nd3 Qb7 24. Nb2 Qa6 25. f4 Nf7 26. Bb1 Rxe3 27. Qxe3 Bxb2 28. Qe7 Bc3 29. Rc1 Kg7 30. Rfd1 Bb2 31. Rc2 Bf6 32. Qe1 Rb8 33. Re2 Rb4 34. Bd3 Qb7 35. Bc4 Qc7 36. Qg3 Qd8 37. Qf3 Rb7 38. Rde1 Re7 39. Rxe7 Bxe7 40. Bb5 Bh4 41. Re2 Qa5 42. Be8 Nh6 43. Qe3 Bf6 44. Bc6 Ng8 45. Qf3 Ne7 46. g3 Kf7 47. Qe3 a6 48. Kg2 Qc7 49. Qf3 Qc8 50. Kh1 Bd4 51. Re1 Nh7 52. a3 Nf6 53. b4 Nxc6 54. dxc6 d5 55. bxc5 Qxc6 56. Rb1 Bxc5 57. Qb3 Ne4 58. Qb8 Be7 59. Qb3 Nd2 60. Qb6 Qc2 61. Re1 Ne4 0-1